000 00914cab a2200289 4500
001 ABS53149
008 090401t1995 xxu||||| |||| 00| 0 eng d
035 _a(Sirsi) u2397
041 _aeng
100 _aThompson, T.
245 _aFunding for the future
260 _c1995
350 _a0
490 _aSurveyor
_v182(5345) 22 June 1995, 25-27(3)
520 _aDescribes how North West Leicestershire secured funding from the Single Regeneration Budget, and how this money has been deployed to redevelop the coalfield area of Coalville, Bagworth and Ashby Woulds.
650 _aASHBY WOULDS
650 _aBAGWORTH
650 _aCOALFIELD PRIORITY AREA
650 _aCOALVILLE
650 _aEUROPEAN COMMISSION
650 _aNORTH WEST LEICESTERSHIRE DC
650 _aRECHAR PROGRAMME
650 _aSINGLE REGENERATION BUDGET
690 _aURBAN RENEWAL
942 _n0
948 _c04/03/1997
999 _c1446
_d1446